| 000 | 00876 a2200229 4500 | ||
|---|---|---|---|
| 003 | UA-OsUOA | ||
| 005 | 20260424093713.0 | ||
| 008 | 260424b un ||||| |||| 00| 0 ukr d | ||
| 020 | _a9665780220 | ||
| 040 |
_bukr _cUA-OsUOA |
||
| 041 | _aukr | ||
| 080 | _a27-29:271.2:929 | ||
| 090 |
_a27-29:271.2:929 _bМ67 |
||
| 245 |
_aМиттєвості з життя Святійшого Патріарха Київського і Всієї Руси-України Філарета _cупоряд. Микола Селюченко |
||
| 260 |
_aК. _bДніпро _c2001 |
||
| 300 | _a143 с. | ||
| 650 |
_a24 Християнство _925077 |
||
| 700 | 1 |
_aСелюченко М. _eупоряд. _925078 |
|
| 942 |
_cBK _2udc |
||
| 955 | _a0 | ||
| 999 |
_c580505 _d580505 |
||